000 00831nam a2200301Ia 4500
003 OSt
005 20220912150918.0
006 a|||||r|||| 00| 0
007 ta
008 220909b |||||||| |||| 00| 0 eng d
020 _a0878931597 (pbk)
024 _a10518
037 _bPanima,
037 _cTextual
040 _aCSL
_beng
_cCSL
041 _aeng
082 _aG:527, P2
100 _aDonovan Therese M
245 0 _aSpresdsheet exercises in conservation biology and landscape ecology
260 _aSunderland
_bSinauer Associates Inc., Pub.
_c2002
300 _axi, 464p.
_ccm.
650 _a Conservation
650 _a Ecology
650 _aBiology
700 _a Welden Charles W
942 _hG:527, P2
_cTEXL
_2CC
999 _c57394
_d57394